00230 2200109 4500245002700000250001100027100001900038650001600057005001900073041001400092084001400106 aTARI-TARI BETAWIhText aCet. 1 aSubhi Ramadhan aKarya Siswa a20250424084320 aIndonesia a081 SUB t